Marketing I.
Enregistré dans:
| Auteur principal: | |
|---|---|
| Collectivité auteur: | |
| Format: | Livre |
| Langue: | slovaque |
| Publié: |
Banská Bystrica
Univerzita Mateja Bela, Ekonomická fakulta v Banskej Bystrici
2007
|
| Sujets: | |
| Tags: |
Pas de tags, Soyez le premier à ajouter un tag!
|
MARC
| LEADER | 00000nam$a2200000$$$4500 | ||
|---|---|---|---|
| 001 | 0062901 | ||
| 005 | 20240223111835.2 | ||
| 020 | |a 978-80-8083-363-3 | ||
| 041 | 0 | |a slo | |
| 044 | |a SK | ||
| 245 | 1 | 0 | |a Marketing I. |c Eva Poliačiková |
| 264 | 1 | |a Banská Bystrica |b Univerzita Mateja Bela, Ekonomická fakulta v Banskej Bystrici |c 2007 | |
| 300 | |a 105 s. | ||
| 610 | 2 | 0 | |a marketing |
| 610 | 2 | 0 | |a segmentácia trhu |
| 610 | 2 | 0 | |a správanie spotrebiteľa |
| 610 | 2 | 0 | |a nákup |
| 610 | 2 | 0 | |a produkty |
| 610 | 2 | 0 | |a ceny |
| 610 | 2 | 0 | |a distribúcia |
| 610 | 2 | 0 | |a komunikácia |
| 610 | 2 | 0 | |a mix komunikačný |
| 100 | 1 | |a Poliačiková, Eva | |
| 710 | 2 | |a Občianske združenie EKONÓMIA | |